| 000 | 00737cam a2200205 4500 | ||
|---|---|---|---|
| 001 | WB3715-21 | ||
| 008 | 000000n2001 000 0 eng u | ||
| 035 | _a(Sirsi) u112036 | ||
| 245 | _aPPG13 - more use of transport sites | ||
| 260 | _c2001 | ||
| 490 |
_aBuilding Design _v(1481) 6 April 2001, 22-23(1) |
||
| 520 | _aRevised transport planning guidance, PPG13, encourages local authorities to make greater use of sites around transport interchanges for development. | ||
| 590 | _aWB | ||
| 650 | _aPLANNING POLICY GUIDANCE NOTE 13 | ||
| 650 | _aTRANSPORT DEVELOPMENT AREAS | ||
| 650 | _aPLANNING GUIDANCE | ||
| 650 | _aGOVERNMENT POLICY | ||
| 690 | _aENVIRONMENTAL AND LAND CONSULTANCY-PLANNING AND DEVELOPMENT | ||
| 942 | _n0 | ||
| 999 |
_c66727 _d66727 |
||